Mudahnya masak... hidangan malam (Record no. 133094)

MARC details
000 -LEADER
fixed length control field 00774nam a2200265 i 4500
001 - CONTROL NUMBER
control field C2-0334637
003 - CONTROL NUMBER IDENTIFIER
control field PPAK
005 - DATE AND TIME OF LATEST TRANSACTION
control field 20180728134414.0
008 - FIXED-LENGTH DATA ELEMENTS--GENERAL INFORMATION
fixed length control field 151111s2015 my a|||| ||||| | may d
020 ## - INTERNATIONAL STANDARD BOOK NUMBER
International Standard Book Number 9789674491260
040 ## - CATALOGING SOURCE
Original cataloging agency PPAK
Language of cataloging eng
Transcribing agency PPAK
Description conventions rda
082 04 - DEWEY DECIMAL CLASSIFICATION NUMBER
Classification number 641.54
Edition number 23
090 00 - LOCALLY ASSIGNED LC-TYPE CALL NUMBER (OCLC); LOCAL CALL NUMBER (RLIN)
Classification number (OCLC) (R) ; Classification number, CALL (RLIN) (NR) 641.54
Feature heading NAN
Feature heading G
Classification number (OCLC) (R) ; Classification number, CALL (RLIN) (NR) 641.54
Feature heading NAN
Feature heading R
100 0# - MAIN ENTRY--PERSONAL NAME
Personal name Nan Rahaman,
Titles and words associated with a name Chef
Dates associated with a name 1982-
Relator term author
245 10 - TITLE STATEMENT
Title Mudahnya masak... hidangan malam
264 #1 - PRODUCTION, PUBLICATION, DISTRIBUTION, MANUFACTURE, AND COPYRIGHT NOTICE
Place of production, publication, distribution, manufacture Kuala Lumpur :
Name of producer, publisher, distributor, manufacturer Ana Muslim ,
Date of production, publication, distribution, manufacture, or copyright notice 2015
300 ## - PHYSICAL DESCRIPTION
Extent iii, 76 pages :
Other physical details colour photographs ;
Dimensions 26 cm
336 ## - CONTENT TYPE
Source rdacontent
Content type term text
337 ## - MEDIA TYPE
Source rdamedia
Media type term unmediated
338 ## - CARRIER TYPE
Source rdacarrier
Carrier type term volume
650 10 - SUBJECT ADDED ENTRY--TOPICAL TERM
Topical term or geographic name entry element Cooking, Malaysian. ; Dinners and dining. ; Cookbooks.
700 ## - ADDED ENTRY--PERSONAL NAME
Relator term author
942 ## - ADDED ENTRY ELEMENTS (KOHA)
-- dc
Koha item type Book
Holdings
Withdrawn Not for loan Current library Shelving location Date acquired Full call number Barcode Date last seen Koha item type
  Not For Loan Perpustakaan Alor Setar Rujukan Dewasa 01/12/2015 R 641.54 NAN A01474031 09/05/2018 Book
    Perpustakaan Awam Sungai Petani Pinjaman Dewasa 01/12/2015 641.54 NAN A01474032 09/05/2018 Book
  Not For Loan Perpustakaan Bandar Baharu Rujukan Dewasa 01/12/2015 R 641.54 NAN A01474037 09/05/2018 Book
  Not For Loan Perpustakaan Jitra Rujukan Dewasa 01/12/2015 R 641.54 NAN A01474034 09/05/2018 Book
  Not For Loan Perpustakaan Kulim Rujukan Dewasa 01/12/2015 R 641.54 NAN A01474035 09/05/2018 Book
  Not For Loan Perpustakaan Langkawi Rujukan Dewasa 01/12/2015 R 641.54 NAN A01474033 09/05/2018 Book
  Not For Loan Perpustakaan Merbok Rujukan Dewasa 01/12/2015 R 641.54 NAN A01474036 09/05/2018 Book
  Not For Loan Perpustakaan Sik Rujukan Dewasa 01/12/2015 R 641.54 NAN A01474038 09/05/2018 Book